[Observations de Météorologie et d'Histoire naturelle, faites dans le sud de la province d'Oran / (Record no. 158721)

MARC details
000 -LEADER
campo de control de longitud fija 00860nam a22001935i 4500
001 - NÚMERO DE CONTROL
campo de control 158721
003 - IDENTIFICADOR DE NÚMERO DE CONTROL
campo de control ES-MaACL
005 - FECHA Y HORA DE LA ÚLTIMA TRANSACCIÓN
campo de control 20230906211301.0
008 - DATOS DE LONGITUD FIJA--INFORMACIÓN GENERAL
campo de control de longitud fija 040903s1857 fr |||| | fre d
040 ## - FUENTE DE CATALOGACIÓN
Centro catalogador/agencia de origen CAM
Lengua de catalogación spa
Centro/agencia transcriptor CAM
100 1# - ENTRADA PRINCIPAL--NOMBRE DE PERSONA
Nombre de persona Marès, P.
9 (RLIN) 129671
245 10 - MENCIÓN DEL TÍTULO
Título [Observations de Météorologie et d'Histoire naturelle, faites dans le sud de la province d'Oran /
Mención de responsabilidad, etc. par P. Marès].
260 ## - PUBLICACIÓN, DISTRIBUCIÓN, ETC.
Lugar de publicación, distribución, etc. Paris :
Nombre del editor, distribuidor, etc. [s.n.,
Fecha de publicación, distribución, etc. 1857?] (
Fabricante Imprimerie de Mallet-Bachelier)
300 ## - DESCRIPCIÓN FÍSICA
Extensión 3 p. ;
Dimensiones 27 cm.
500 ## - NOTA GENERAL
Nota general Extrait des Comptes rendus des séances de l'Academie des Sciences, tome XLV, séance du 6 juillet 1857.
594 ## - Nota al título y mención de responsabilidad
Nota al título y mención de responsabilidad Tit. tomado de comienzo de texto, precediéndole: Institut Impérial de France, Académie des Sciences.
596 ## - NOTA AL PIE DE IMPRENTA
NOTA AL PIE DE IMPRENTA Pie de imp. tomado de colofón.
852 ## - LOCALIZACIÓN
Ubicación ES-MaACL
Número de control de estantería T-1088-F-7
Nota libre -- Enc. hol.
-- -- Enc. en un vol. facticio
Holdings
Estatus retirado Estado de pérdida Estado de daño No para préstamo Colección Biblioteca de origen Biblioteca actual Ubicación en estantería Fecha de adquisición Total de préstamos Signatura topográfica completa Código de barras Visto por última vez Precio de reemplazo Tipo de ítem Koha
        Colección de folletos Biblioteca del Ateneo de Madrid Biblioteca del Ateneo de Madrid Depósito folletos 17/01/2008   T-1088-F-7 1166130 23/02/2023 23/02/2023 Folleto